|
|
|
|
| LEADER |
00000nab a2200000 a 4500 |
| 001 |
vtls000850708 |
| 003 |
SK-MaSNL |
| 005 |
20260318114919.0 |
| 008 |
160405c2003 xo 0 hun |
| 015 |
|
|
|a SNBRB2003/10-30542
|
| 035 |
|
|
|a CLN000202363
|
| 040 |
|
|
|a SNKBUCL
|b slo
|c SNKBUCL
|e AACR2
|
| 041 |
0 |
|
|a hun
|
| 044 |
|
|
|a xo
|c SK
|
| 080 |
|
|
|a 376.7(437.6)(=511.141)
|2 1997
|
| 080 |
|
|
|a 371(437.6)
|2 1997
|
| 100 |
1 |
|
|a Kövesdi, Károly,
|d 1953-
|4 aut
|9 264403
|
| 245 |
1 |
0 |
|a Megfogyva bár, de törve is
|c Kövesdi Károly
|
| 300 |
|
|
|b Fotogr.
|
| 650 |
0 |
7 |
|a školstvo národnostné maďarské
|2 snkbucl
|9 893806
|
| 655 |
|
7 |
|a články z novín a časopisov
|2 snkbucl
|9 267496
|
| 773 |
0 |
|
|t Vasárnap
|g Roč. 36, č. 36 (2003), s. 9-13
|
| 850 |
|
|
|a Slovenská národná knižnica v Martine
|
| 852 |
|
|
|a SNK
|b KIS3GCP
|
| 958 |
|
|
|a HU
|
| 958 |
|
|
|a SK
|
| 958 |
|
|
|a RBX
|
| 999 |
|
|
|c 3293621
|d 3295551
|